Four arguments for the elimination of television / (Record no. 3125)

000 -LEADER
fixed length control field 00812pam a2200277 i 4500
001 - CONTROL NUMBER
control field 358658
003 - CONTROL NUMBER IDENTIFIER
control field OSt
005 - DATE AND TIME OF LATEST TRANSACTION
control field 20170105101209.0
008 - FIXED-LENGTH DATA ELEMENTS--GENERAL INFORMATION
fixed length control field 770819s1978 nyu b 000 0 eng
010 ## - LIBRARY OF CONGRESS CONTROL NUMBER
LC control number 77012558
020 ## - INTERNATIONAL STANDARD BOOK NUMBER
International Standard Book Number 0688032745
020 ## - INTERNATIONAL STANDARD BOOK NUMBER
International Standard Book Number 0688082742 (pbk.)
040 ## - CATALOGING SOURCE
Original cataloging agency DLC
Transcribing agency DLC
Modifying agency DLC
043 ## - GEOGRAPHIC AREA CODE
Geographic area code n-us---
050 00 - LIBRARY OF CONGRESS CALL NUMBER
Classification number HE8700.8
Item number .M35
082 00 - DEWEY DECIMAL CLASSIFICATION NUMBER
Classification number 301.16/1
100 1# - MAIN ENTRY--PERSONAL NAME
Personal name Mander, Jerry.
245 10 - TITLE STATEMENT
Title Four arguments for the elimination of television /
Statement of responsibility, etc. by Jerry Mander.
260 ## - PUBLICATION, DISTRIBUTION, ETC.
Place of publication, distribution, etc. New York :
Name of publisher, distributor, etc. Morrow,
Date of publication, distribution, etc. 1978.
300 ## - PHYSICAL DESCRIPTION
Extent 371 p. ;
Dimensions 22 cm.
504 ## - BIBLIOGRAPHY, ETC. NOTE
Bibliography, etc. note Bibliography: p. 363-371.
650 #0 - SUBJECT ADDED ENTRY--TOPICAL TERM
Topical term or geographic name entry element Television broadcasting
General subdivision Social aspects
Geographic subdivision United States.
650 #0 - SUBJECT ADDED ENTRY--TOPICAL TERM
Topical term or geographic name entry element Television
General subdivision Psychological aspects.
906 ## - LOCAL DATA ELEMENT F, LDF (RLIN)
a 7
b cbc
c orignew
d 1
e ocip
f 19
g y-gencatlg
942 ## - ADDED ENTRY ELEMENTS (KOHA)
Source of classification or shelving scheme
Koha item type Book
Holdings
Withdrawn status Lost status Source of classification or shelving scheme Damaged status Not for loan Collection code Permanent Location Current Location Shelving location Date acquired Total Checkouts Full call number Barcode Checked out Date last seen Date last checked out Price effective from Koha item type
            Central Library (CL) Central Library (CL) General Stacks 05/16/2016 1 301.16/1 MAN S3H-N-401 08/26/2021 04/28/2021 04/28/2021 05/16/2016 Book
© 2023 Central Library, National University of Sciences and Technology. All Rights Reserved.